000 00756nam a22002417a 4500
003 UA-OsUOA
001 69775
007 ta
008 20100706b un ||||| |||| 00| 0 ukr d
100 _aМалько А. В.
090 _a340
_bМ21
942 _cBK
040 _aUA-OsUOA
_brus
_cUA-OsUOA
_dUA-OsUOA
245 _aЛьготная и поощрительная правовая политика
_bмонография
300 _a233 с.
955 _a1
041 _arus
080 _a340
020 _a5-94201-307-1
260 _aСПб
_bЮрид. центр Пресс
_c2004
650 7 _a340 Право в цілому. Пропедевтика. Методи та допоміжні правничі науки
_2UDC
999 _c356004
_d356004